Cities and Towns of New York - Statistics

General Stats
  • This quiz has been taken 6,370 times
  • The average score is 106 of 995
Answers on the Map
Answers color-coded by a green-red scale on the quiz's map according to % correct below.
 
Answer Stats
City/Town % Correct
New York
84%
Albany
81%
Buffalo
79%
Rochester
74%
Syracuse
71%
Niagara
59%
Niagara Falls
59%
Yonkers
59%
Utica
56%
Ithaca
55%
Binghamton
53%
Poughkeepsie
50%
Schenectady
47%
Troy
47%
Rome
45%
Oswego
43%
Saratoga
43%
Watertown
41%
White Plains
41%
Hudson
40%
New Rochelle
38%
Plattsburgh
38%
Washington
38%
Cortland
37%
Monroe
35%
Elmira
34%
Glen
34%
Jamestown
34%
Kingston
34%
Hampton
33%
Jefferson
33%
Orange
33%
Seneca
33%
Amsterdam
32%
Hempstead
32%
Newburgh
32%
Southampton
32%
Mount Vernon
31%
Oneonta
31%
Rye
31%
Hamilton
30%
York
30%
Clinton
29%
East Hampton
29%
Middletown
29%
Oneida
29%
Adams
28%
Ontario
28%
Corning
27%
Lake George
27%
Auburn
26%
Madison
26%
Saratoga Springs
26%
Canaan
25%
Franklin
25%
Lewis
25%
New Paltz
25%
Catskill
24%
Chester
24%
Geneseo
24%
Islip
24%
Peekskill
24%
Potsdam
24%
Batavia
23%
Beacon
23%
Fishkill
23%
Fulton
23%
Geneva
23%
Lincoln
23%
Nassau
23%
Harrison
22%
Huntington
22%
Jackson
22%
Northampton
22%
Rensselaer
22%
Springfield
22%
Athens
21%
Berlin
21%
Essex
21%
Glens Falls
21%
Greece
21%
Herkimer
21%
Lockport
21%
Oyster Bay
21%
Paris
21%
Tonawanda
21%
Woodstock
21%
Amherst
20%
Bedford
20%
Boston
20%
Champlain
20%
Hamburg
20%
Irondequoit
20%
Montgomery
20%
Putnam
20%
Scarsdale
20%
Babylon
19%
Brighton
19%
Manchester
19%
Mexico
19%
Onondaga
19%
Seneca Falls
19%
Union
19%
Warren
19%
Delaware
18%
Dover
18%
Dunkirk
18%
Ossining
18%
Port Jervis
18%
Riverhead
18%
Rockland
18%
Rotterdam
18%
Somers
18%
Ticonderoga
18%
Webster
18%
Bethlehem
17%
Brookhaven
17%
Canandaigua
17%
Canton
17%
Clifton
17%
Columbia
17%
Eastchester
17%
Greene
17%
Henrietta
17%
Hyde Park
17%
Lancaster
17%
Lee
17%
Long Beach
17%
Mohawk
17%
Mount Pleasant
17%
Olean
17%
Otsego
17%
Richmond
17%
Saugerties
17%
Victor
17%
Warwick
17%
Wayne
17%
Yorktown
17%
Alexandria
16%
Avon
16%
Bath
16%
Clay
16%
Cohoes
16%
Colonie
16%
Genesee
16%
Grand Island
16%
Johnstown
16%
Kent
16%
Livingston
16%
Mamaroneck
16%
Morris
16%
North Tonawanda
16%
Ogden
16%
Orchard Park
16%
Orleans
16%
Owego
16%
Pelham
16%
Red Hook
16%
Rhinebeck
16%
Salem
16%
Schuyler
16%
Smithtown
16%
Ulster
16%
Woodbury
16%
Aurora
15%
Ballston
15%
Burlington
15%
Cambridge
15%
Cheektowaga
15%
Cornwall
15%
Delhi
15%
Fayette
15%
Florida
15%
German
15%
Glen Cove
15%
Greenville
15%
Lawrence
15%
Massena
15%
Norwich
15%
Pittsford
15%
Saranac
15%
Sullivan
15%
Van Buren
15%
Warsaw
15%
Bristol
14%
Chatham
14%
Chili
14%
Greenwich
14%
Hancock
14%
Hartford
14%
Lewiston
14%
Liberty
14%
Milan
14%
Naples
14%
New Castle
14%
Oxford
14%
Tuxedo
14%
Vestal
14%
Wappinger
14%
Windsor
14%
Albion
13%
Allen
13%
Bethel
13%
Broome
13%
Cairo
13%
Camden
13%
Clare
13%
De Witt
13%
Eden
13%
Goshen
13%
Greenport
13%
Horseheads
13%
Lackawanna
13%
LaFayette
13%
Little Falls
13%
Madrid
13%
Milton
13%
North Hempstead
13%
Plymouth
13%
Ramapo
13%
Schoharie
13%
Tioga
13%
Watervliet
13%
Worcester
13%
Alfred
12%
Attica
12%
Austerlitz
12%
Baldwin
12%
Chemung
12%
Chenango
12%
Clifton Park
12%
Concord
12%
Cortlandt
12%
Georgetown
12%
Greenburgh
12%
Highland
12%
Lexington
12%
Mount Kisco
12%
Newport
12%
Norfolk
12%
Poland
12%
Queensbury
12%
Rose
12%
Rush
12%
Sodus
12%
Tompkins
12%
Venice
12%
Vernon
12%
Andover
11%
Carmel
11%
Charleston
11%
Chautauqua
11%
Cicero
11%
Clarkstown
11%
Cobleskill
11%
Coldspring
11%
Columbus
11%
Coxsackie
11%
Duane
11%
East Fishkill
11%
East Greenbush
11%
East Rochester
11%
Farmington
11%
Gates
11%
Germantown
11%
Gloversville
11%
Holland
11%
Homer
11%
Hornell
11%
Kinderhook
11%
Lansing
11%
Lisbon
11%
Lyons
11%
Malone
11%
Manlius
11%
Milford
11%
New Haven
11%
Ogdensburg
11%
Orangetown
11%
Patterson
11%
Peru
11%
Portland
11%
Russia
11%
Stamford
11%
Steuben
11%
Verona
11%
Waterford
11%
Wells
11%
West Seneca
11%
Yates
11%
Allegany
10%
Amenia
10%
Augusta
10%
Brunswick
10%
Camillus
10%
Cazenovia
10%
Chesterfield
10%
Clarence
10%
Dansville
10%
Deposit
10%
Durham
10%
Easton
10%
Frankfort
10%
Ghent
10%
Guilderland
10%
Haverstraw
10%
Hope
10%
Hunter
10%
Italy
10%
Keene
10%
Knox
10%
Norway
10%
Penfield
10%
Perry
10%
Philadelphia
10%
Pittsfield
10%
Putnam Valley
10%
Salamanca
10%
Scott
10%
Shelter Island
10%
Skaneateles
10%
Southeast
10%
Southold
10%
Sparta
10%
Sweden
10%
Taylor
10%
Tupper Lake
10%
Vienna
10%
Wallkill
10%
Waterloo
10%
Westfield
10%
Wilson
10%
Windham
10%
Alexander
9%
Amity
9%
Beekman
9%
Belfast
9%
Bennington
9%
Berne
9%
Bolton
9%
Bradford
9%
Charlotte
9%
Clayton
9%
Deerpark
9%
Dryden
9%
Duanesburg
9%
Fairfield
9%
Florence
9%
Genoa
9%
Glenville
9%
Greenfield
9%
Groton
9%
Hamlin
9%
Hanover
9%
Hastings
9%
Hoosick
9%
Huron
9%
Lebanon
9%
Leicester
9%
Lewisboro
9%
Lima
9%
Livonia
9%
Long Lake
9%
Maine
9%
Malta
9%
Marion
9%
Marlborough
9%
Mechanicville
9%
Mendon
9%
Middlebury
9%
Middlesex
9%
New Hartford
9%
Niskayuna
9%
North Salem
9%
Ohio
9%
Ovid
9%
Palmyra
9%
Parma
9%
Pawling
9%
Pound Ridge
9%
Providence
9%
Sherman
9%
Spencer
9%
Stanford
9%
Stony Point
9%
Thompson
9%
Trenton
9%
Turin
9%
Whitehall
9%
Williamstown
9%
Addison
8%
Alden
8%
Almond
8%
Antwerp
8%
Bellmont
8%
Benton
8%
Bergen
8%
Berkshire
8%
Brookfield
8%
Butler
8%
Caledonia
8%
Cato
8%
Clarkson
8%
Corinth
8%
Cuba
8%
Day
8%
Deerfield
8%
Edinburg
8%
Esopus
8%
Exeter
8%
Greenwood
8%
Halfmoon
8%
Hammond
8%
Hillsdale
8%
Jerusalem
8%
Lloyd
8%
Macedon
8%
Mansfield
8%
Mount Morris
8%
New Lebanon
8%
New Scotland
8%
New Windsor
8%
North Castle
8%
North East
8%
Philipstown
8%
Pleasant Valley
8%
Reading
8%
Richfield
8%
Romulus
8%
Sharon
8%
Somerset
8%
Sterling
8%
Stockport
8%
Wales
8%
Walton
8%
Westport
8%
Wilmington
8%
Afton
7%
Alabama
7%
Arcade
7%
Ashland
7%
Barre
7%
Barrington
7%
Bethany
7%
Burke
7%
Campbell
7%
Canajoharie
7%
Caroline
7%
Carrollton
7%
Clarksville
7%
Claverack
7%
Coeymans
7%
Colchester
7%
Copake
7%
Covington
7%
Darien
7%
Dickinson
7%
Dix
7%
Eaton
7%
Ellicott
7%
Ellicottville
7%
Enfield
7%
Evans
7%
Floyd
7%
Fort Ann
7%
Fort Edward
7%
Freedom
7%
Fremont
7%
Grafton
7%
Green Island
7%
Grove
7%
Harrisburg
7%
Henderson
7%
Highlands
7%
Hopewell
7%
Indian Lake
7%
La Grange
7%
LeRoy
7%
Marcy
7%
Marshall
7%
Maryland
7%
Middlefield
7%
Minisink
7%
Morristown
7%
North Greenbush
7%
Olive
7%
Palermo
7%
Palm Tree
7%
Pembroke
7%
Phelps
7%
Pike
7%
Pine Plains
7%
Portage
7%
Porter
7%
Rensselaerville
7%
Richland
7%
Rutland
7%
Sidney
7%
Stafford
7%
Stark
7%
Stockholm
7%
Stuyvesant
7%
Tully
7%
Westmoreland
7%
Williamson
7%
Wilton
7%
Amboy
6%
Ancram
6%
Andes
6%
Arcadia
6%
Arietta
6%
Ashford
6%
AuSable
6%
Bainbridge
6%
Barton
6%
Benson
6%
Blooming Grove
6%
Bridgewater
6%
Butternuts
6%
Byron
6%
Cambria
6%
Carlisle
6%
Chazy
6%
Cincinnatus
6%
Clermont
6%
Collins
6%
Conklin
6%
Cortlandville
6%
Coventry
6%
Crawford
6%
Dannemora
6%
Dayton
6%
Denmark
6%
Dresden
6%
Elba
6%
Elizabethtown
6%
Elma
6%
Gaines
6%
Galway
6%
Gardiner
6%
German Flatts
6%
Granby
6%
Granville
6%
Guilford
6%
Hamden
6%
Hector
6%
Howard
6%
Ira
6%
Jasper
6%
Java
6%
Jay
6%
Kendall
6%
Leon
6%
Litchfield
6%
Little Valley
6%
Louisville
6%
Marathon
6%
Mayfield
6%
Middleburgh
6%
Milo
6%
Moravia
6%
Nelson
6%
New Baltimore
6%
New Berlin
6%
Newfield
6%
Nunda
6%
Otego
6%
Otisco
6%
Parish
6%
Perinton
6%
Plainfield
6%
Plattekill
6%
Potter
6%
Princetown
6%
Randolph
6%
Remsen
6%
Richford
6%
Riga
6%
Ripley
6%
Rosendale
6%
Russell
6%
Salisbury
6%
Sardinia
6%
Schodack
6%
Shelby
6%
Sheridan
6%
Southport
6%
Summit
6%
Tuscarora
6%
Tyre
6%
Ulysses
6%
Unadilla
6%
Virgil
6%
Warrensburg
6%
Waverly
6%
Wawarsing
6%
Webb
6%
Westford
6%
Wheatland
6%
Wolcott
6%
Yorkshire
6%
Alma
5%
Avoca
5%
Bangor
5%
Big Flats
5%
Bolivar
5%
Boonville
5%
Bovina
5%
Brant
5%
Broadalbin
5%
Brutus
5%
Burns
5%
Cameron
5%
Candor
5%
Canisteo
5%
Carroll
5%
Castile
5%
Charlton
5%
Chateaugay
5%
Cherry Valley
5%
Clarendon
5%
Cohocton
5%
Colden
5%
Colton
5%
Decatur
5%
De Kalb
5%
Eagle
5%
Edwards
5%
Fabius
5%
Fallsburg
5%
Freetown
5%
Friendship
5%
Gainesville
5%
Galen
5%
Gallatin
5%
Geddes
5%
Genesee Falls
5%
Groveland
5%
Hague
5%
Hamptonburgh
5%
Hartland
5%
Hebron
5%
Hinsdale
5%
Hurley
5%
Independence
5%
Junius
5%
Kingsbury
5%
Lake Luzerne
5%
Lenox
5%
Lisle
5%
Locke
5%
Lodi
5%
Lowville
5%
Lyme
5%
Mamakating
5%
Marcellus
5%
Minerva
5%
Montezuma
5%
Montour
5%
Mount Hope
5%
Napoli
5%
Neversink
5%
Newark Valley
5%
Newcomb
5%
Newfane
5%
Nichols
5%
Northumberland
5%
Orangeville
5%
Osceola
5%
Otto
5%
Perth
5%
Petersburgh
5%
Pittstown
5%
Poestenkill
5%
Redfield
5%
Red House
5%
Roxbury
5%
Salina
5%
Sand Lake
5%
Sanford
5%
Savannah
5%
Schaghticoke
5%
Schroon
5%
Scriba
5%
Shandaken
5%
Shawangunk
5%
Sheldon
5%
Sherburne
5%
Sherrill
5%
Smithfield
5%
Smyrna
5%
Spafford
5%
Stephentown
5%
Stillwater
5%
St Johnsville
5%
Stockbridge
5%
Stockton
5%
Stratford
5%
Taghkanic
5%
Union Vale
5%
Victory
5%
Volney
5%
Walworth
5%
Ward
5%
Westerlo
5%
Wheatfield
5%
Wheeler
5%
Whitestown
5%
Worth
5%
Altona
4%
Angelica
4%
Annsville
4%
Argyle
4%
Arkwright
4%
Aurelius
4%
Ava
4%
Barker
4%
Beekmantown
4%
Bombay
4%
Brandon
4%
Busti
4%
Callicoon
4%
Canadice
4%
Cape Vincent
4%
Carlton
4%
Caton
4%
Centerville
4%
Cherry Creek
4%
Clymer
4%
Conesus
4%
Constantia
4%
Covert
4%
Crown Point
4%
Danby
4%
Danube
4%
Davenport
4%
Denning
4%
East Bloomfield
4%
East Otto
4%
Elbridge
4%
Ellenburg
4%
Ellery
4%
Ellington
4%
Erin
4%
Esperance
4%
Fine
4%
Fleming
4%
Franklinville
4%
French Creek
4%
Gerry
4%
Gilboa
4%
Gorham
4%
Gouverneur
4%
Granger
4%
Hadley
4%
Hannibal
4%
Harford
4%
Harpersfield
4%
Hartwick
4%
Inlet
4%
Johnsburg
4%
Kirkland
4%
Kirkwood
4%
Lake Pleasant
4%
Lyndon
4%
Lysander
4%
Marbletown
4%
Marilla
4%
Martinsburg
4%
Masonville
4%
Mina
4%
Morehouse
4%
Murray
4%
New Lisbon
4%
Newstead
4%
Niles
4%
North Elba
4%
North Hudson
4%
North Norwich
4%
Ossian
4%
Owasco
4%
Palatine
4%
Pendleton
4%
Persia
4%
Pomfret
4%
Pompey
4%
Prattsburgh
4%
Richmondville
4%
Root
4%
Royalton
4%
Rushford
4%
Scio
4%
Scipio
4%
Sempronius
4%
Sennett
4%
Seward
4%
Smithville
4%
Solon
4%
South Bristol
4%
Springwater
4%
Starkey
4%
Summerhill
4%
Triangle
4%
Tusten
4%
Tyrone
4%
Van Etten
4%
Varick
4%
Waddington
4%
Wawayanda
4%
Wayland
4%
Wellsville
4%
West Bloomfield
4%
Western
4%
West Sparta
4%
West Union
4%
Wright
4%
Birdsall
3%
Black Brook
3%
Blenheim
3%
Boylston
3%
Brasher
3%
Brownville
3%
Caneadea
3%
Caroga
3%
Catharine
3%
Cayuta
3%
Champion
3%
Cochecton
3%
Conesville
3%
Conquest
3%
Constable
3%
Croghan
3%
Cuyler
3%
DeRuyter
3%
Edmeston
3%
Ellisburg
3%
Ephratah
3%
Erwin
3%
Farmersville
3%
Fenton
3%
Forestburgh
3%
Forestport
3%
Fort Covington
3%
Fowler
3%
Hardenburgh
3%
Harmony
3%
Harrietstown
3%
Hartsville
3%
Hopkinton
3%
Hume
3%
Ischua
3%
Jewett
3%
Kiantone
3%
Laurens
3%
Ledyard
3%
Le Ray
3%
Lorraine
3%
Lumberland
3%
Machias
3%
Manheim
3%
Mentz
3%
Meredith
3%
Minden
3%
Minetto
3%
Moira
3%
Montague
3%
Mooers
3%
Moreau
3%
Moriah
3%
New Albion
3%
New Bremen
3%
New Hudson
3%
North Collins
3%
North Harmony
3%
Oakfield
3%
Oppenheim
3%
Oswegatchie
3%
Otselic
3%
Pavilion
3%
Perrysburg
3%
Pharsalia
3%
Piercefield
3%
Portville
3%
Prattsville
3%
Preble
3%
Preston
3%
Ridgeway
3%
Roseboom
3%
Rossie
3%
Sandy Creek
3%
Santa Clara
3%
Schroeppel
3%
Schuyler Falls
3%
South Valley
3%
Springport
3%
Stony Creek
3%
Theresa
3%
Throop
3%
Thurman
3%
Torrey
3%
Troupsburg
3%
Truxton
3%
Veteran
3%
West Almond
3%
West Monroe
3%
Westville
3%
White Creek
3%
Willet
3%
Willing
3%
Willsboro
3%
Winfield
3%
Wirt
3%
Woodhull
3%
Bleecker
2%
Catlin
2%
Colesville
2%
Conewango
2%
De Peyster
2%
Diana
2%
Fenner
2%
Great Valley
2%
Greig
2%
Halcott
2%
Hermon
2%
Horicon
2%
Hornby
2%
Hornellsville
2%
Hounsfield
2%
Humphrey
2%
Kortright
2%
Leyden
2%
Lincklaen
2%
Lindley
2%
Lyonsdale
2%
Macomb
2%
Nanticoke
2%
North Dansville
2%
Orwell
2%
Pamelia
2%
Parishville
2%
Pierrepont
2%
Pitcairn
2%
Pitcher
2%
Pulteney
2%
Rathbone
2%
Rodman
2%
Sangerfield
2%
St Armand
2%
Thurston
2%
Urbana
2%
Villenova
2%
Watson
2%
West Turin
2%
Wethersfield
2%
Wilna
2%
Lapeer
1%
McDonough
1%
Pinckney
1%
No matching quizzes found
Score Distribution
Percent of People with Each Score
Percentile by Number Answered
Your Score History
You have not taken this quiz